000 00826nam a2200217 a 4500
001 000036613
003 OSt
005 20220321135113.0
008 120123s2011 dr a 000 0 spa d
020 _a9789945878950
040 _aDO-SdBNP
_bspa
_cBNPHU
082 _axxx
_bI43a
100 1 _aInfante, María Isabel
_937920
245 1 0 _aEl aprendizaje en personas jóvenes y adultas /
_cMaría Isabel Infante, María Eugenia Letelier.
260 _aSanto Domingo :
_bOrganización de Estados Iberoamericanos para la Educación la Ciencia y la Cultura,
_c2011.
300 _a20 p. :
_bil. ;
_c29 cm.
500 _aIncluye notas al pie de las páginas
700 1 _aLetelier, María Eugenia
_937921
710 2 _aOrganización de Estados Iberoamericanos para la Educación, la Ciencia y la Cultura
_929137
942 _2ddc
_cLBS1
999 _c36104
_d36104